| 000 | 01359cam a2200337 a 4500 | ||
|---|---|---|---|
| 999 |
_c10097 _d10097 |
||
| 001 | 3560349 | ||
| 003 | GZU | ||
| 005 | 20211014103653.0 | ||
| 008 | 980506s1998 nyua b 001 0 eng | ||
| 010 | _a 98020556 | ||
| 020 | _a1555703402 | ||
| 040 |
_aDLC _cDLC _dDLC |
||
| 043 | _an-us--- | ||
| 050 | 0 | 0 |
_aZ678 _b.ROS 1998 |
| 100 | 1 |
_aRoss, Catherine Sheldrick. _eauthor |
|
| 245 | 1 | 0 |
_aCommunicating professionally : _ba how-to-do-it manual for library applications / _cCatherine Sheldrick Ross, Patricia Dewdney. |
| 250 | _a2nd edition. | ||
| 260 |
_aNew York : _bNeal-Schuman Publishers, _cc1998. |
||
| 300 |
_axviii, 322 pages. : _bill. : _c28 cm. |
||
| 490 | 1 |
_aHow-to-do-it manuals for librarians ; _vno. 58 |
|
| 504 | _aIncludes bibliographical references (p. [299]-316) and index. | ||
| 650 | 0 |
_aCommunication in library administration _zUnited States. |
|
| 650 | 0 |
_aCommunication in library science _zUnited States. |
|
| 650 | 0 |
_aLibrary records _zUnited States. |
|
| 650 | 0 |
_aLibrary science _zUnited States _xAuthorship. |
|
| 700 | 1 |
_aDewdney, Patricia. _eauthor |
|
| 830 | 0 |
_aHow-to-do-it manuals for libraries ; _vno. 58. |
|
| 906 |
_a7 _bcbc _corignew _d1 _eocip _f19 _gy-gencatlg |
||
| 942 |
_2lcc _cBK _eSecond edition _h678 _iROS _kZ |
||